偏差値65以上の関西の中高一貫校 - Statistics

General Stats
  • This quiz has been taken 143 times
  • The average score is 9 of 19
Answer Stats
Hint Answer % Correct
78
97%
73 東大寺学園
86%
74 洛南
85%
72 西大和学園
84%
73 甲陽学院
66%
70 大阪星光学院
65%
69 洛星
54%
69 四天王寺
50%
67 清風南海
50%
66 六甲学院
48%
69 神戸女学院
46%
68 高槻
33%
66 帝塚山
33%
67 智辯和歌山
29%
65 大教大附属池田
23%
65 大教大附属天王寺
22%
65 奈良学園
18%
68 神戸大学附属
12%
66 奈良女子大学附属
8%
No matching quizzes found
Score Distribution
Percent of People with Each Score
Percentile by Number Answered
Your Score History
You have not taken this quiz